Click the Alaska Boroughs! (Map) Quiz Stats

 Plays Quiz not verified by Sporcle

Also try: Russia's Borders
Challenge
Share
Tweet
Score 0/29 Timer 03:00
1 Play Today
% Correct
24 - North Slope
84.2%
1 - Aleutians West
83.5%
25 - Yukon-Koyukuk
82.2%
4 - Kodiak Island
81.9%
23 - Northwest Arctic
81.1%
2 - Aleutians East
80.4%
6 - Anchorage
78.3%
22 - Nome
75.9%
27 - Fairbanks North Star
75.5%
5 - Kenai Peninsula
75.2%
26 - Southeast Fairbanks
74.8%
3 - Lake and Peninsula
73.8%
28 - Denali
71.3%
7 - Valdez-Cordova
70.6%
12 - Juneau
67.6%
% Correct
29 - Matanuska-Susitna
67.2%
20 - Bethel
65.2%
19 - Dillingham
63.3%
8 - Yakutat
63.2%
17 - Ketchikan Gateway
63.2%
21 - Kusilvak
63%
13 - Sitka
62.2%
18 - Bristol Bay
62.2%
11 - Skagway
60.2%
9 - Hoonah-Angoon
59.6%
14 - Petersburg
58.8%
15 - Prince of Wales-Hyder
58.7%
16 - Wrangell
56.9%
10 - Haines
55.7%

You're not logged in!

Compare scores with friends on all Sporcle quizzes.
Join for Free
OR
Log In

You Might Also Like...

Show Comments

Extras

Top Quizzes Today


Score Distribution

Your Account Isn't Verified!

In order to create a playlist on Sporcle, you need to verify the email address you used during registration. Go to your Sporcle Settings to finish the process.

Report this User

Report this user for behavior that violates our Community Guidelines.

Details: